000
00302nam a2200121Ia 4500
008
180117s9999 xx 000 0 und d
100
_a
by Larry P Fabian
245
_a
Northern Warriors
260
_c
2017
300
_a
14-17 pages, 2017 June 11
440
_a
Philippine Panorama
650
_a
WARRIORS
999
_c
353388
_d
353388